| 000 | 00559nam a22001817a 4500 | ||
|---|---|---|---|
| 008 | 150923b xxu||||| |||| 00| 0 eng d | ||
| 020 | _a0324227221 | ||
| 041 | 0 | _aeng | |
| 080 | _a658.15 | ||
| 100 | 1 | _aMaher, Michael. | |
| 245 | 1 | 0 |
_aManagerial accounting : _cMichael W. Maher, Clyde P. Stickney, Roman L. Weil. |
| 250 | _a9th ed. | ||
| 260 |
_aMason, Ohio : _bThomson/South-Western, _c2006. |
||
| 300 |
_a594 f.: _bme il.; _c29 cm. |
||
| 650 | 0 | _aKontabilitet | |
| 650 | 0 | _aMenaxherial | |
| 942 |
_2udc _cBK |
||
| 999 |
_c1165 _d1165 |
||